Films avec le nom d'une ville dans le titre (part.2) - Statistiques

Statistiques générales
  • Ce quiz a été pris 89 fois
  • Le résultat moyen est 11 sur 20
Statistiques - réponses
Film % Correct
Un monstre à {Paris}
93%
Gangs of {New York}
89%
Le Gendarme de {Saint-Tropez}
89%
Les Parapluies de {Cherbourg}
83%
{Neuilly} sa mère !
83%
OSS 117 : {Rio} ne répond plus
78%
{L.A.} Confidential
74%
Fast and Furious: {Tokyo} Drift
70%
Le Loup-garou de {Londres}
65%
{Las Vegas} Parano
51%
{Rome}, ville ouverte
51%
La Rose pourpre du {Caire}
50%
{Dallas} Buyers Club
48%
Un taxi pour {Tobrouk}
38%
New York-{Miami}
26%
L'Étrangleur de {Boston}
24%
Miracle à {Milan}
18%
{Shanghaï} Express
11%
Little {Odessa}
10%
Le Christ s'est arrêté à {Eboli}
6%
Aucun quiz correspondant
Distribution des résultats
% des personnes avec chaque résultat
Percentile par nombre de réponses
Votre historique - résultats
Vous n’avez pas pris ce quiz